[Event "Budapest FS07 GM"]
[Site "Budapest"]
[Date "1994.??.??"]
[Round "9"]
[White "Eriksson, Anders"]
[Black "Dao Thien Hai"]
[Result "0-1"]
[WhiteElo "2315"]
[BlackElo "2475"]

1.Nf3 d5 2.c4 e6 3.d4 c6 4.Qc2 Nf6 5.e3 Nbd7 6.Nc3 Bd6 7.b3 O-O 8.Be2 Re8
9.O-O dxc4 10.bxc4 e5 11.Rb1 Qe7 12.a4 e4 13.Nd2 Nf8 14.f3 exf3 15.Nxf3 Bg4
16.Bd3 Rad8 17.e4 Bb8 18.Be3 Bxf3 19.gxf3 Nh5 20.e5 Ng6 21.Be4 Kh8 22.Kh1 Ngf4
23.Ne2 g5 24.Nxf4 gxf4 25.Bf2 h6 26.Qb2 c5 27.dxc5 Bxe5 28.Qxb7 Qf6 29.Rfd1 Ng3+
30.hxg3 fxg3 31.Bg1 Qg5 32.Kg2 Qf4 33.Bd5 Bf6 34.Qxf7 Re2+ 35.Kf1 Rde8 36.Qxe8+ Rxe8
37.c6 Qf5 38.Kg2 Re2+ 39.Kf1 Qc2 40.Bxa7 Rf2+  0-1

[Event "Budapest FS07 GM"]
[Site "Budapest"]
[Date "1994.??.??"]
[Round "9"]
[White "Szekely, Peter"]
[Black "Vosselman, Jan"]
[Result "1-0"]
[WhiteElo "2490"]
[BlackElo "2305"]

1.Nf3 d5 2.c4 c6 3.cxd5 cxd5 4.d4 Nc6 5.Nc3 Nf6 6.Bf4 Bf5 7.e3 e6 8.Qb3 Qb6
9.Bb5 Be7 10.Ne5 Rc8 11.O-O O-O 12.Bxc6 bxc6 13.Qxb6 axb6 14.Na4 b5 15.Nb6  1-0

[Event "Budapest FS02 GM"]
[Site "Budapest"]
[Date "1994.??.??"]
[Round "9"]
[White "Fancsy, Imre"]
[Black "Vajda, Albert"]
[Result "1-0"]
[WhiteElo "2400"]
[BlackElo "2400"]

1.Nf3 d5 2.c4 e6 3.g3 c5 4.cxd5 exd5 5.d4 Nc6 6.Bg2 Nf6 7.O-O Be7 8.Nc3 O-O
9.Bg5 cxd4 10.Nxd4 Re8 11.Qa4 Bd7 12.Rad1 Nb4 13.Qb3 a5 14.Bxf6 Bxf6 15.Nxd5 Nxd5
16.Bxd5 a4 17.Qxb7 Rb8 18.Qa7 Re7 19.Qc5 Qb6 20.Qxb6 Rxb6 21.b3 axb3 22.Bxb3 Bg4
23.f3 Bh3 24.Rfe1 Rd7 25.e3 Rbd6 26.Ne2 Be6 27.Rxd6 Rxd6 28.Kf2 Rd3 29.Nf4 Rd6
30.Ke2 Rb6 31.Rc1 Kf8 32.Bxe6 fxe6 33.Rc2 Ke7 34.Nd3 Rb1 35.Rc1 Rb5 36.Rc6 Ra5
37.Rc2 Ra3 38.Kd2 Kd6 39.Nc5 Be7 40.Nd3 Bd8 41.Nb2 Ra7 42.Nc4+  1-0

[Event "Budapest FS04 IM-B"]
[Site "Budapest"]
[Date "1994.??.??"]
[Round "9"]
[White "Vadasz, Laszlo"]
[Black "Bukal, Vladimir Jr"]
[Result "1/2-1/2"]
[WhiteElo "2365"]
[BlackElo "2265"]

1.Nf3 d5 2.c4 c6 3.g3 Bg4 4.Bg2 Nf6 5.Qb3 Qb6 6.Qxb6 axb6 7.cxd5 Nxd5 8.Nc3 Nb4
9.O-O Nd7 10.d3 e5 11.Bd2  1/2-1/2

[Event "Budapest FS10 IM-B"]
[Site "Budapest"]
[Date "1994.??.??"]
[Round "9"]
[White "Stocek, Jiri"]
[Black "Mihok, Laszlo"]
[Result "1/2-1/2"]
[WhiteElo "2350"]
[BlackElo "2270"]

1.Nf3 d5 2.c4 c6 3.b3 Nf6 4.g3 Bg4 5.Bg2 Bxf3 6.Bxf3 e6 7.Bb2 Nbd7 8.O-O Bd6
9.d4 O-O 10.Nd2 e5 11.cxd5 Nxd5 12.Nc4 Qe7 13.Bxd5 cxd5 14.Nxd6 Qxd6 15.dxe5 Nxe5
16.Bxe5 Qxe5  1/2-1/2

[Event "Budapest FS05 IM"]
[Site "Budapest"]
[Date "1994.??.??"]
[Round "11"]
[White "Vadasz, Laszlo"]
[Black "Varga, Peter"]
[Result "1/2-1/2"]
[WhiteElo "2365"]
[BlackElo "2330"]

1.Nf3 d5 2.c4 c6 3.cxd5 cxd5 4.d4 Nc6 5.Nc3 Nf6 6.Bf4 Bf5 7.e3 e6 8.Bd3 Bxd3
9.Qxd3 Bd6 10.Bxd6 Qxd6 11.O-O O-O 12.Rac1 Rac8  1/2-1/2

[Event "Buenos Aires GP1"]
[Site "Buenos Aires"]
[Date "1994.??.??"]
[Round "2"]
[White "Lida Garcia, Fernando"]
[Black "Miladinovic, Igor"]
[Result "0-1"]
[WhiteElo "2170"]
[BlackElo "2480"]

1.Nf3 d5 2.c4 e6 3.g3 Nf6 4.Bg2 Be7 5.O-O O-O 6.d4 c6 7.b3 Nbd7 8.Nc3 b6
9.Qc2 Ba6 10.Rd1 Rc8 11.Bb2 Qc7 12.Nd2 c5 13.dxc5 Bxc5 14.e3 Bb4 15.Rac1 Ne5
16.a3 Be7 17.Bf1 dxc4 18.Nce4 Bb7 19.bxc4 Nxe4 20.Nxe4 Nf3+ 21.Kg2 f5 22.Qc3 Bf6
23.Nxf6+ gxf6 24.Bd3 Nxh2+  0-1

[Event "ARG-ch"]
[Site "Buenos Aires"]
[Date "1994.??.??"]
[Round "4"]
[White "Giardelli, Sergio C"]
[Black "Spangenberg, Hugo"]
[Result "1/2-1/2"]
[WhiteElo "2475"]
[BlackElo "2510"]

1.Nf3 d5 2.c4 d4 3.g3 g6 4.Bg2 Bg7 5.O-O Nf6 6.b4 O-O 7.d3 c5 8.bxc5 Nfd7
9.Ba3 Qc7 10.Nbd2 Nxc5 11.Rb1 Nba6 12.Nb3 Rd8 13.Nxc5 Nxc5 14.Rb5 Ne6 15.Qb3 b6
16.Nd2 Rb8 17.Rb1 Ba6 18.Rd5 Bh6 19.f4 Bb7 20.Rxd8+ Nxd8 21.Bxb7 Nxb7 22.Ne4 e5
23.c5 exf4 24.cxb6 axb6 25.Qxb6 Qxb6 26.Rxb6 Ra8 27.Bb2 Nd8 28.Bxd4 Ne6 29.Nf6+ Kh8
30.Be5 fxg3 31.Rb7 gxh2+ 32.Kh1 Bg7 33.a4 Nc5 34.Rxf7 Nxa4 35.d4 Rf8 36.Rxf8+ Bxf8
37.d5 Kg7 38.Nd7+ Kf7 39.Nxf8 Kxf8 40.Bd4 Ke7 41.e4 Kd6 42.Kxh2 Nc5  1/2-1/2

[Event "ARG-ch"]
[Site "Buenos Aires"]
[Date "1994.??.??"]
[Round "6"]
[White "Slipak, Sergio"]
[Black "Servat, Roberto"]
[Result "1/2-1/2"]
[WhiteElo "2460"]
[BlackElo "2445"]

1.Nf3 d5 2.c4 e6 3.b3 Nf6 4.Bb2 Be7 5.g3 O-O 6.Bg2 c5 7.O-O Nc6 8.e3 b6 9.Nc3 Bb7
10.cxd5 Nxd5 11.Nxd5 Qxd5 12.d4 Rad8 13.Ne5 Qd6 14.dxc5 Qxc5 15.Qe2 Nxe5
16.Bxb7 Bf6 17.Rfd1 Ng4 18.Bxf6 Nxf6 19.Qa6 Qc7 20.Rac1 Rxd1+ 21.Rxd1 h6
22.Rd4 Nd7 23.Qb5 Qxb7 24.Rxd7 Qe4 25.Qd3 Qxd3 26.Rxd3 Rc8 27.Rd7 a5 28.Rb7 Rc2
29.a4 Rc6 30.g4 g5 31.Kg2 Kg7 32.Kg3 Kg6 33.h4 gxh4+ 34.Kxh4 Rc2 35.Kg3 Rc6
36.f4 f5 37.gxf5+ exf5 38.Rb8 Re6 39.Kf3 Rc6 40.Ke2 Rd6 41.Rf8 Rd7 42.Rb8  1/2-1/2

[Event "ARG-World"]
[Site "Buenos Aires"]
[Date "1994.??.??"]
[Round "9"]
[White "Scarella, Enrique"]
[Black "Sorokin, Maxim"]
[Result "1/2-1/2"]
[WhiteElo "2405"]
[BlackElo "2520"]

1.Nf3 d5 2.c4 c6 3.d4 Nf6 4.e3 Bf5 5.Nc3 e6 6.Bd3 Bxd3 7.Qxd3 Bb4 8.Bd2 Nbd7
9.O-O Qa5 10.cxd5 cxd5 11.Nb5 Bxd2 12.Nxd2 O-O 13.Rfc1 Rfc8 14.a3 Rxc1+ 15.Rxc1 a6
16.Nc3 Rc8 17.h3 Rc6 18.Ne2 Qc7 19.Rxc6 Qxc6 20.Qc3  1/2-1/2

[Event "Buenos Aires PRENAJ"]
[Site "Buenos Aires"]
[Date "1994.??.??"]
[Round "11"]
[White "Szmetan, Jorge"]
[Black "Giaccio, Alfredo"]
[Result "1-0"]
[WhiteElo "2405"]
[BlackElo "2370"]

1.Nf3 d5 2.c4 e6 3.d4 c5 4.cxd5 exd5 5.Nc3 Nc6 6.Bg5 Be7 7.Bxe7 Ngxe7 8.dxc5 d4
9.Ne4 O-O 10.g3 Bf5 11.Nfd2 Qa5 12.Bg2 Bxe4 13.Bxe4 Qxc5 14.O-O f5 15.Bg2 Kh8
16.Rc1 Qd6 17.Qb3 Rab8 18.Nf3 h6 19.a3 b5 20.Qc2 Qe6 21.Qd3 Rfd8 22.Rc5 a6
23.Rfc1 Rd6 24.Qc2 Rbd8 25.Qd3 g5 26.h4 g4 27.Ne1 Ne5 28.Qd2 Nc4 29.Qc2 f4
30.gxf4 Qf6 31.Rc7 R6d7 32.Rxd7 Rxd7 33.b3 Nxa3 34.Qe4 Kg7 35.Nd3 Qf5 36.Qa8 Qg6
37.Ne5 Qd6  1-0

[Event "Bytom op"]
[Site "Bytom"]
[Date "1994.??.??"]
[Round "?"]
[White "Kazek, Krzysztof"]
[Black "Malecki, Rafal"]
[Result "1-0"]
[WhiteElo "2325"]
[BlackElo "2210"]

1.Nf3 d5 2.c4 e6 3.g3 c6 4.Bg2 f5 5.O-O Nf6 6.d3 Bd6 7.Nc3 Nbd7 8.cxd5 cxd5
9.e4 O-O 10.Bg5 dxe4 11.dxe4 Ne5 12.exf5 exf5 13.Nd5 Nxf3+ 14.Qxf3 Be5 15.Rfe1 Re8
16.Rad1 Bd7 17.Nxf6+ gxf6 18.Qb3+ Be6 19.Rxd8 Bxb3  1-0

[Event "Bytom op"]
[Site "Bytom"]
[Date "1994.??.??"]
[Round "?"]
[White "Kazek, Krzysztof"]
[Black "Dubiel, Jacek"]
[Result "1/2-1/2"]
[WhiteElo "2325"]
[BlackElo "2395"]

1.Nf3 d5 2.c4 e6 3.g3 Nf6 4.Bg2 Be7 5.O-O O-O 6.b3 c5 7.Bb2 Nc6 8.e3 b6 9.Nc3 Ba6
10.Qe2 Qc7 11.Nb5 Bxb5 12.cxb5 Na5 13.Rfc1 Rac8 14.d4 Qd8 15.Bc3 Nd7  1/2-1/2

[Event "ESP-chT"]
[Site "Cala Galdana"]
[Date "1994.??.??"]
[Round "?"]
[White "Franco Ocampo, Zenon"]
[Black "Bellon Lopez, Juan Manuel"]
[Result "1/2-1/2"]
[WhiteElo "2475"]
[BlackElo "2460"]

1.Nf3 d5 2.c4 e6 3.d4 c5 4.e3 Nc6 5.Nc3 Nf6 6.cxd5 exd5 7.Be2 a6 8.O-O Bd6
9.dxc5 Bxc5 10.a3 O-O 11.b4 Ba7 12.b5 axb5 13.Nxb5 Bb6 14.Bb2 Ne4 15.Rc1 Be6
16.Nbd4 Bd7 17.Nxc6 Bxc6 18.Nd4 Ba4 19.Qd3 Re8 20.Nf5 f6 21.Bd4 Bxd4 22.Qxd4 Re5
23.Ng3 Bc6 24.Qb2 Qd6 25.Ra1 Nxg3 26.hxg3 Re4 27.Rfd1 Rea4 28.Rd3 Qe5 29.Rd4 g6
30.Bf3 Kg7 31.g4 R8a5 32.g3 Rc4 33.Rad1 Rca4 34.R1d3 g5 35.Kg2 Rxd4 36.Rxd4 Ra4
37.Qc3 Rxd4 38.exd4 Qe7 39.Qc1 Kf8 40.Qc3 Kf7 41.Bd1 Qe4+ 42.f3 Qb1 43.Bc2 Qb5
44.Kf2 Be8 45.Qd3 Qxd3 46.Bxd3 h6 47.Ke3 Kf8 48.Kd2 Ba4 49.Bc2 Bb5 50.Bb3 Bc6
51.Kc3 f5 52.Kb4 fxg4 53.fxg4 Bd7 54.Bxd5 b6 55.Kc4 Ke7 56.Be4 Kd6 57.Bf5 Bc6
58.Bb1 Bf3  1/2-1/2

[Event "ESP-chT"]
[Site "Cala Galdana"]
[Date "1994.??.??"]
[Round "2"]
[White "Fernandez Lopez, Felix"]
[Black "Cruz Lopez Claret, Carlos"]
[Result "1/2-1/2"]
[WhiteElo "2340"]
[BlackElo "2305"]

1.Nf3 d5 2.c4 c6 3.e3 Nf6 4.Nc3 a6 5.a4 e6 6.Be2 c5 7.d4 dxc4 8.Bxc4 Nc6
9.O-O Be7 10.Qe2 cxd4 11.Rd1 e5 12.exd4 exd4 13.Nxd4 Nxd4 14.Qe5 Qd6 15.Qxd4 Qxd4
16.Rxd4 Bc5 17.Rd1 O-O 18.h3 h6 19.Bf4 Bf5 20.Nd5 Ne4 21.Be3 Be6 22.Bxc5 Nxc5
23.b4 Ne4 24.Rd4 Bxd5 25.Bxd5 Rad8 26.Rad1 Rxd5 27.Rxd5 Nc3 28.R1d3 Nxd5
29.Rxd5 f6 30.Kf1 Rf7 31.Ke2 Rc7 32.Kd3 Kf7 33.Rd4 Ke6 34.Re4+ Kd6 35.Rd4+ Ke6
36.Re4+  1/2-1/2

[Event "Calcutta op"]
[Site "Calcutta"]
[Date "1994.??.??"]
[Round "2"]
[White "Joshi, G B."]
[Black "Rahman, Ziaur"]
[Result "1/2-1/2"]
[WhiteElo "2320"]
[BlackElo "2435"]

1.Nf3 d5 2.c4 d4 3.e3 Nc6 4.exd4 Nxd4 5.Nxd4 Qxd4 6.Nc3 Nf6 7.Nb5 Qd8 8.d4 c6
9.Nc3 Bg4 10.Be2 Bxe2 11.Nxe2 e6 12.Qb3 Qd7 13.Bf4 Be7 14.O-O O-O 15.Rad1 b5
16.cxb5 cxb5 17.Nc3 b4 18.Na4 Nd5 19.Be5 Rfc8 20.Rc1 Rxc1 21.Rxc1 Rc8 22.Rxc8+ Qxc8
23.Nc5 Qc6 24.Qa4 Qxa4 25.Nxa4 Bf6 26.Bxf6 gxf6 27.Kf1 Kf8 28.Ke2 Ke7 29.g3 Kd6
30.a3 bxa3 31.bxa3 f5 32.Kd3 Nf6 33.f3 Nd5 34.Nb2 Kc6 35.Nd1 h6 36.Nc3 Nxc3
37.Kxc3 Kd5 38.Kd3 f6 39.f4 h5 40.h3 a6  1/2-1/2

[Event "Calcutta op"]
[Site "Calcutta"]
[Date "1994.??.??"]
[Round "4"]
[White "Parameswaran, Tiruchi N"]
[Black "Gokhale, Anupama"]
[Result "1-0"]
[WhiteElo "2365"]
[BlackElo "2190"]

1.Nf3 d5 2.c4 e6 3.g3 c5 4.Bg2 Nf6 5.O-O Be7 6.d4 O-O 7.cxd5 exd5 8.Nc3 Nc6
9.Bg5 cxd4 10.Nxd4 h6 11.Be3 Re8 12.Nxc6 bxc6 13.Na4 Ng4 14.Bd4 Bf6 15.Re1 Ne5
16.Rc1 Bg4 17.h3 Bf5 18.b3 Qd7 19.Nc5 Qe7 20.Qd2 Rad8 21.Qc3 Nd7 22.e3 Ne5
23.f4 Nd7 24.g4 Nxc5 25.Bxf6 Qxf6 26.Qxf6 gxf6 27.Rxc5 Bd7 28.Kf2 Re7 29.Ra5 Be8
30.f5 Kg7 31.Rc5 Bd7 32.Rd1 Rde8 33.Rc3 h5 34.Rd4 hxg4 35.hxg4 Rh8 36.Ra4 Be8
37.Rb4 Kh6 38.e4 Kg5 39.exd5 cxd5 40.Bxd5 a5 41.Rb7 Re5 42.Bf3 Rh2+ 43.Kg3 Rxa2
44.Rc1 Kh6 45.Rb8 Kg7 46.Rcc8 Kf8 47.Bc6 Rae2 48.Kf3  1-0

[Event "ESP-ch"]
[Site "Canete"]
[Date "1994.??.??"]
[Round "?"]
[White "Anguix Garrido, Juan Francisco"]
[Black "Garcia Gomez, PJ."]
[Result "1/2-1/2"]
[WhiteElo "2325"]
[BlackElo "2450"]

1.Nf3 d5 2.c4 e6 3.g3 c6 4.Bg2 Nf6 5.b3 Bd6 6.Bb2 Nbd7 7.O-O e5 8.d3 O-O
9.cxd5 cxd5 10.Nc3 a6 11.Nd2 Nb6 12.e4 Bg4 13.Qe1 d4 14.Ne2 Nfd7 15.h3 Be6  1/2-1/2

[Event "Canete"]
[Site "Canete"]
[Date "1994.??.??"]
[Round "5"]
[White "Anguix Garrido, Juan Francisco"]
[Black "Garcia Palermo, Carlos"]
[Result "1/2-1/2"]
[WhiteElo "2320"]
[BlackElo "2490"]

1.Nf3 d5 2.c4 dxc4 3.Na3 c5 4.Nxc4 Nc6 5.Nce5 Nxe5 6.Nxe5 Nf6 7.e3 e6 8.Bb5+ Bd7
9.Nxd7 Nxd7 10.O-O a6 11.Be2 Be7 12.d4 O-O 13.d5 exd5 14.Qxd5 Qc7 15.Bd2 Bf6
16.Rac1 Rfd8 17.Rc2 b5  1/2-1/2

[Event "Cannes op"]
[Site "Cannes"]
[Date "1994.??.??"]
[Round "7"]
[White "Bernard, Christophe"]
[Black "Bricard, Emmanuel"]
[Result "1-0"]
[WhiteElo "2355"]
[BlackElo "2445"]

1.Nf3 d5 2.c4 c6 3.d4 Nf6 4.Nc3 e6 5.Bg5 dxc4 6.a4 Bb4 7.e4 Qa5 8.Bd2 c5
9.Bxc4 O-O 10.Qe2 Nc6 11.dxc5 e5 12.Nd5 Nxd5 13.Bxd5 Bg4 14.Qb5 Bxf3 15.Qxa5 Bxa5
16.gxf3 Bxd2+ 17.Kxd2 Nd4 18.Ra3 Rad8 19.Rc1 Ne6 20.Ke3 Nf4 21.Bxb7 Rd4 22.Bd5 Rb8
23.Rc2  1-0

[Event "Capablanca mem-B"]
[Site "?"]
[Date "1994.??.??"]
[Round "3"]
[White "Antunes, Antonio"]
[Black "Arencibia, Walter"]
[Result "1/2-1/2"]
[WhiteElo "2465"]
[BlackElo "2485"]

1.Nf3 d5 2.c4 e6 3.g3 c6 4.Qc2 Nf6 5.Bg2 Nbd7 6.d4 Qa5+ 7.Nbd2 b5 8.c5 Ne4
9.O-O f5 10.Nxe4 dxe4 11.Ng5 Nf6 12.f3 h6 13.Nh3 Qb4 14.e3 e5 15.Bd2 Qc4
16.Qxc4 bxc4 17.fxe4 Nxe4 18.Nf2 Nxd2 19.Bxc6+ Kd8 20.Bxa8 Nxf1 21.Rxf1 Be7
22.b3 Bg5 23.bxc4 Bxe3 24.dxe5 Re8 25.Re1 Rxe5 26.Bd5 Re7 27.c6 Bb6 28.Kf1 Rxe1+
29.Kxe1 Ke7 30.Nd3 Kd6 31.h4 g5 32.hxg5 hxg5 33.Ke2 a5 34.Nf2 Bd4 35.Nd3 Bb6
36.Ne1 Bd4 37.Nc2 Be5 38.Kf3 Bc3 39.Na3 Ba6 40.Nb5+ Bxb5 41.cxb5 Kc7 42.Be6 f4
43.g4 Kb6 44.Bd5 Bb4 45.Ke4 f3 46.Kxf3 Bd2 47.Be4  1/2-1/2

[Event "Capablanca mem-B"]
[Site "?"]
[Date "1994.??.??"]
[Round "6"]
[White "Antunes, Antonio"]
[Black "Slobodjan, Roman"]
[Result "1-0"]
[WhiteElo "2465"]
[BlackElo "2440"]

1.Nf3 d5 2.c4 c6 3.cxd5 cxd5 4.d4 Nf6 5.Nc3 Nc6 6.Bf4 Ne4 7.e3 Nxc3 8.bxc3 g6
9.Bd3 Bg7 10.O-O O-O 11.e4 Bg4 12.h3 Bxf3 13.Qxf3 dxe4 14.Bxe4 Rc8 15.Rab1 Qd7
16.Rfd1 b6 17.Bd3 Na5 18.Ba6 Rcd8 19.Bc1 Rb8 20.Bf4 Ra8 21.c4 Rfd8 22.c5 Bxd4
23.c6 Qxc6 24.Qxc6 Nxc6 25.Bb7 Be5 26.Bxa8 Rxa8 27.Bxe5 Nxe5 28.Rbc1 g5 29.Rc7 e6
30.Kf1 Kg7 31.Ke2 Kf6 32.g3 a6 33.Rd6 b5 34.Rb6 h5 35.Rbb7 g4 36.hxg4 hxg4
37.Ra7 Rd8 38.Rxa6 Rd5 39.Ra3 Kf5 40.Rb3 f6 41.Rb4 Nd3 42.Rb1 e5 43.Ke3 e4
44.Rb7 b4 45.Rh1 Ke6 46.Rb6+ Ke5 47.Rh8 Nc1 48.f4+ exf3 49.Re8+ Kf5 50.Rxb4 Rd3+
51.Kf2 Rd2+ 52.Ke1 Rxa2 53.Rf4+ Kg5 54.Rg8+ Kh5 55.Rf5+ Kh6 56.Rxf6+ Kh7
57.Rd8 Ra7 58.Rf4 Rg7 59.Kf2 Ne2 60.Rc4 Rg6 61.Rc7+ Kh6 62.Rh8+ Kg5 63.Rc5+ Kf6
64.Rc4 Rg7 65.Rh6+ Kg5 66.Rh4 Kf5 67.Rh5+ Ke6 68.Ra5 Rg8 69.Raa4 Kf5 70.Rc5+ Ke6
71.Ra6+ Kd7 72.Rh5 Kc7 73.Rh7+ Kb8 74.Rb6+ Kc8 75.Rc6+ Kb8 76.Rc4 Rc8 77.Rxc8+ Kxc8
78.Rg7 Nd4 79.Rxg4 Nc6 80.Kxf3 Kd7 81.Rg7+ Ke8 82.Rc7 Nd4+ 83.Ke4 Ne6 84.Ra7 Kf8
85.Kf5 Nd4+ 86.Kf6 Kg8 87.g4 Nc6 88.Rc7 Nd4 89.Rd7  1-0

[Event "Cappelle op"]
[Site "Cappelle la Grande"]
[Date "1994.??.??"]
[Round "1"]
[White "Szekely, Peter"]
[Black "Archangelsky, Mikhail"]
[Result "1-0"]
[WhiteElo "2505"]
[BlackElo "2270"]

1.Nf3 d5 2.c4 dxc4 3.e3 Nf6 4.Bxc4 e6 5.d4 c5 6.O-O a6 7.b3 Nc6 8.Bb2 cxd4
9.Nxd4 Nxd4 10.Qxd4 Qxd4 11.Bxd4 Bd7 12.Nd2 Bc6 13.Be2 Bb4 14.Nc4 b5 15.Ne5 Bd5
16.a4 bxa4 17.Rxa4 a5 18.Bb5+ Ke7 19.Rxb4 axb4 20.Bc5+ Kd8 21.Rc1 Kc7 22.Nxf7 Rhg8
23.Nd6 Ne4 24.Nxe4 Bxe4 25.Bxb4+ Kb6 26.Bd7 Bd5 27.h3 Rgd8 28.Ba4 Rac8 29.Ra1 Ra8
30.Bc3 Rdc8 31.Bxg7 Rg8 32.Bd4+ Kb7 33.g3 h5 34.Re1 h4 35.g4 Bf3 36.Bb5 Ra2
37.Kf1 Rf8 38.b4 Rc2 39.Be2 Kc6 40.Bc5 Kd5 41.Bxf8  1-0

[Event "Cappelle op"]
[Site "Cappelle la Grande"]
[Date "1994.??.??"]
[Round "3"]
[White "Dunnington, Angus J"]
[Black "Upton, Timothy J"]
[Result "1/2-1/2"]
[WhiteElo "2430"]
[BlackElo "2265"]

1.Nf3 d5 2.c4 e6 3.d4 Nf6 4.Bg5 Be7 5.e3 O-O 6.Nbd2 b6 7.cxd5 exd5 8.Qc2 Bb7
9.Bd3 Nbd7 10.O-O c5 11.Rac1 Rc8 12.dxc5 bxc5 13.Bf5 g6 14.Bh3 Re8 15.Rfd1 Rc7
16.Qa4 Bc6 17.Qa6 Qc8 18.Qxc8 Rexc8 19.Nb3 Ba4 20.Re1 Kg7 21.Nbd2  1/2-1/2

[Event "Cappelle op"]
[Site "Cappelle la Grande"]
[Date "1994.??.??"]
[Round "6"]
[White "Voiska, Margarita"]
[Black "Rause, Olita"]
[Result "1-0"]
[WhiteElo "2325"]
[BlackElo "2355"]

1.Nf3 d5 2.c4 c6 3.b3 Nf6 4.Bb2 e6 5.e3 Bd6 6.Nc3 Nbd7 7.d4 O-O 8.Bd3 e5
9.cxd5 cxd5 10.dxe5 Nxe5 11.Be2 Qe7 12.O-O Nxf3+ 13.Bxf3 Qe5 14.g3 Bh3 15.Bg2 Bxg2
16.Kxg2 Rac8 17.Rc1 Rfd8 18.Qe2 d4 19.exd4 Qxd4 20.Nb5 Qd5+ 21.Kg1 Rxc1 22.Rxc1 Re8
23.Qc4 Qxc4 24.Rxc4 Bb8 25.Bxf6 gxf6 26.Nd4 a6 27.Nf5 Rd8 28.Rg4+ Kf8 29.Rg7 Rd5
30.Rxh7 Rxf5 31.Rh8+ Kg7 32.Rxb8 Rb5 33.Kg2 a5 34.h4 Rb4 35.Rc8 b5 36.Ra8 a4
37.bxa4 bxa4 38.Kf3 f5 39.Ra6 f6 40.Kg2 Kg6 41.Ra5 Rc4 42.a3 Rd4 43.Ra6 Rc4
44.h5+ Kxh5 45.Rxf6 Kg5 46.Ra6 Rd4 47.f4+ Kh5 48.Rf6 Rd5 49.Kh3 Rc5 50.Ra6 Rc4
51.Ra5 Kg6 52.Kh4 Rd4 53.Ra6+ Kf7 54.Kg5 Rd3 55.Rxa4 Rxg3+ 56.Kxf5 Rc3 57.Ra7+  1-0

[Event "Ceske Budejovice op"]
[Site "Ceske Budejovice"]
[Date "1994.??.??"]
[Round "2"]
[White "Hrdy, Roman"]
[Black "Jirovsky, Milos"]
[Result "0-1"]
[WhiteElo "2220"]
[BlackElo "2410"]

1.Nf3 d5 2.c4 e6 3.g3 Nf6 4.Bg2 Be7 5.b3 O-O 6.Bb2 b6 7.O-O Bb7 8.Ne5 c5
9.e3 Nc6 10.d4 cxd4 11.exd4 Rc8 12.Nd2 Na5 13.Rc1 Rc7 14.a3 Qb8 15.b4 Nxc4
16.Ndxc4 dxc4 17.Bxb7 Qxb7 18.Rxc4 Rxc4 19.Nxc4 Rc8 20.Qe2 Ne4 21.Rc1 Ng5  0-1

[Event "Copenhagen op16"]
[Site "Copenhagen"]
[Date "1994.??.??"]
[Round "6"]
[White "Danielsen, Henrik"]
[Black "Juergens, Peter"]
[Result "1-0"]
[WhiteElo "2480"]
[BlackElo "2235"]

1.Nf3 d5 2.c4 c6 3.e3 Nf6 4.Nc3 a6 5.b3 Bg4 6.Be2 Nbd7 7.d4 b5 8.O-O e6 9.h3 Bh5
10.Bb2 Bd6 11.Rc1 O-O 12.Re1 Qb8 13.Rc2 Rd8 14.Bd3 dxc4 15.bxc4 bxc4 16.Bxc4 c5
17.Be2 Nb6 18.Rd2 cxd4 19.Rxd4 Be7 20.Ba1 Rxd4 21.Qxd4 Qd6 22.Bf1 Bxf3 23.Qxd6 Bxd6
24.gxf3 Nbd5 25.Rd1 Be7 26.Ne2 Nb4 27.a4 a5 28.Nd4 Nfd5 29.Nb3 Bf6 30.Bxf6 gxf6
31.Rc1 Nb6 32.Bb5 Ra7 33.e4 Kf8 34.f4 Ke7 35.Rc5 Kf8 36.Kf1 Kg7 37.Ke2 f5
38.f3 Kg6 39.Ke3 Kh5 40.exf5 exf5 41.Rxf5+ Kg6 42.Rg5+ Kf6 43.Kd4 h6 44.Rh5 Kg6
45.Re5 Kg7 46.h4 Kf8 47.Re8+ Kg7 48.Rd8 Na8 49.f5 Nc7 50.Kc5 Kf6 51.Kb6 Nxb5
52.axb5  1-0

[Event "CZE-ch"]
[Site "?"]
[Date "1994.??.??"]
[Round "1"]
[White "Jirovsky, Milos"]
[Black "Kozak, Milos"]
[Result "1-0"]
[WhiteElo "2410"]
[BlackElo "2270"]

1.Nf3 d5 2.c4 c6 3.d4 Nf6 4.Qb3 dxc4 5.Qxc4 Bf5 6.Nc3 e6 7.g3 Be7 8.Bg2 Nbd7
9.O-O Ne4 10.Rd1 O-O 11.Ne1 Nd6 12.Qb3 Qb6 13.e4 Qxb3 14.axb3 Bg6 15.Nd3 Rfd8
16.Be3 a6 17.Nf4 Nf8 18.Rac1 f6 19.d5 cxd5 20.Nxg6 hxg6 21.exd5 e5 22.f4 Nd7
23.Na4 exf4 24.Bxf4 g5 25.Be3 Rac8 26.Rc3 f5 27.Rdc1 Bf6 28.Rc7 b5 29.Nb6 Nxb6
30.Bxb6 Bxb2 31.R1c6 Rb8 32.Ba7 Ra8 33.Bc5 Ne8 34.Rb7 Nf6 35.Be7 Nxd5 36.Bxd8 Rxd8
37.Bxd5+ Rxd5 38.Rxa6 Rd1+ 39.Kg2 Rd2+ 40.Kf1 Rxh2 41.Rxb5 f4 42.Rxg5 fxg3
43.Rxg3 Bd4 44.Rd3 Bf6 45.Rd7 Rb2 46.Rb7 Bc3 47.Rc6 Ba5 48.Rb5 Bd2 49.Ke2 Kh7
50.Rb7 Kg8 51.Kd3  1-0

[Event "CZE-ch"]
[Site "?"]
[Date "1994.??.??"]
[Round "7"]
[White "Freisler, Pavel"]
[Black "Pisk, Petr"]
[Result "0-1"]
[WhiteElo "2380"]
[BlackElo "2260"]

1.Nf3 d5 2.c4 e6 3.g3 c5 4.Bg2 Nc6 5.cxd5 exd5 6.d4 Be7 7.Nc3 Nf6 8.O-O O-O
9.dxc5 Bxc5 10.Na4 Be7 11.Be3 Bg4 12.Bc5 Re8 13.h3 Bh5 14.Rc1 Bxc5 15.Nxc5 Qe7
16.Re1 Rad8 17.Nd4 Nxd4 18.Qxd4 Bg6 19.e3 h6 20.Nb3 a6 21.Qf4 Ne4 22.Rc7 Rd7
23.Rxd7 Qxd7 24.Nd4 Rc8 25.h4 Nc5 26.Bf1 Re8 27.Rc1 Rc8 28.Qf3 Be4 29.Qd1 Ne6
30.Rxc8+ Qxc8 31.Bh3 Qe8 32.Ne2 Bf3 33.Qd2 Nc5 34.Nc3 Qc6 35.Bf5 g6 36.Bd3 Nxd3
37.Qxd3 Qe6 38.Kh2 g5 39.Qd4 Qf5 40.hxg5 hxg5 41.g4 Qh7+  0-1

[Event "CZE-ch"]
[Site "?"]
[Date "1994.??.??"]
[Round "8"]
[White "Freisler, Pavel"]
[Black "Pacl, Vaclav"]
[Result "1/2-1/2"]
[WhiteElo "2380"]
[BlackElo "2300"]

1.Nf3 d5 2.c4 c6 3.g3 Nf6 4.Bg2 Bf5 5.cxd5 cxd5 6.Qb3 Qc8 7.Nc3 e6 8.d3 Nc6
9.Bf4 Be7 10.O-O O-O 11.Nb5 Qd7 12.Nbd4 Nxd4 13.Nxd4 Bg6 14.Rfc1 Rfc8 15.Nf3 Rxc1+
16.Rxc1 Rc8 17.Rc3 Rxc3 18.bxc3 Qc8 19.Ne5 Bh5 20.Kf1 Nd7 21.Nxd7 Qxd7 22.c4 dxc4
23.Qxc4 Bf8 24.Be3 b6 25.Bc6 Qe7 26.Qb5 Bg4 27.f3 Bh3+ 28.Kf2 Qf6 29.d4 Bf5
30.a4 Qd8 31.Qa6 Qc7 32.Bb7 Qb8 33.Bc6 Qc7 34.Bb7  1/2-1/2

[Event "CZE-chT"]
[Site "?"]
[Date "1994.??.??"]
[Round "?"]
[White "Freisler, Pavel"]
[Black "Pacl, Vaclav"]
[Result "1/2-1/2"]
[WhiteElo "2380"]
[BlackElo "2300"]

1.Nf3 d5 2.c4 e6 3.g3 c5 4.cxd5 exd5 5.d4 Nc6 6.Bg2 Nf6 7.O-O Be7 8.Nc3 Be6
9.Bg5 Ne4 10.Bxe7 Qxe7 11.Rc1 Nxc3 12.Rxc3 c4 13.b3 cxb3 14.Qxb3 O-O 15.Rb1 Rac8
16.e3 b6 17.Rbc1 Na5 18.Qb5 Rxc3 19.Rxc3 f6 20.Ne1 Rd8 21.Nd3 Qb7 22.Nb4 Kf7
23.h4 g6 24.Bf3 Rd6 25.Na6 Rd7 26.Kg2 Ke7 27.Rc1 Kf7 28.Nb4 Rd6 29.Nd3 Ke7
30.a4 Qd7 31.Qb4 Nc4 32.Nf4 a5 33.Qb3 Nd2 34.Qa3 Nxf3 35.Kxf3 Bf7 36.Kg2 Kf8
37.Rc8+ Kg7 38.Rb8 Qc7 39.Rb7 Qc6 40.Ra7 Rd7 41.Rxd7 Qxd7 42.Qb3 Qc6 43.Qa3 h6
44.Qe7 h5 45.Qd8 Qxa4 46.Qxb6 Qb4 47.Qxb4 axb4 48.Nd3 b3 49.Kf1 g5 50.Ke1 Kg6
51.Kd2 Kf5 52.f3 Be8 53.Nf2 Bb5 54.Kc3 Bc4 55.Kb2 gxh4 56.gxh4 Be2 57.Kxb3 Bxf3
58.Kb4 Bg2 59.Kc5 Bf3 60.Kd6 Bg2 61.Ke7 Bf3 62.Kf7 Be2 63.Ke7 Bf3 64.Kd6 Bg2
65.Kc5  1/2-1/2

[Event "CZE-chT"]
[Site "?"]
[Date "1994.??.??"]
[Round "?"]
[White "Knazovcik, Ladislav"]
[Black "Lys, Josef"]
[Result "0-1"]
[WhiteElo "2300"]
[BlackElo "2290"]

1.Nf3 d5 2.c4 c6 3.b3 Bf5 4.g3 e6 5.Bb2 Nf6 6.Bg2 Bd6 7.O-O Nbd7 8.d3 Qc7
9.Nc3 O-O 10.Rc1 Qa5 11.a3 h6 12.Qd2 Ne5 13.Nd4 Bh7 14.b4 Qd8 15.cxd5 cxd5
16.Ncb5 Bb8 17.Nb3 a6 18.N5d4 Bd6 19.Rc2 Rc8 20.Rfc1 Rxc2 21.Rxc2 Qb8 22.Qc1 Nfd7
23.Bh3 Re8 24.f4 Ng6 25.Nc5 Nxc5 26.bxc5 Bc7 27.f5 Nf8 28.f6 g5 29.Nf3 Ng6
30.Nxg5 hxg5 31.Qxg5 Kh8 32.Qh6 Rg8 33.Bxe6 Qe8 34.Bxd5 Bf4 35.gxf4 Nxf4+
36.Kh1 Nxd5 37.e4 Rg6 38.Qc1 Nc7 39.Re2 Qb5 40.Qe3 Ne6 41.Rc2 Qb3 42.Rd2 Rg5
43.h4 Rg4 44.Qh6 Qa2 45.Bc1 Qb1 46.Rd1 Qc2 47.Qd2 Qxc5 48.Rf1 Rxh4+ 49.Kg2 Rg4+
50.Kf3 Qh5 51.Qd1 Rg1+  0-1

[Event "CZE-chT"]
[Site "?"]
[Date "1994.??.??"]
[Round "?"]
[White "Neckar, Lubomir"]
[Black "Beil, Zdenek"]
[Result "1/2-1/2"]
[WhiteElo "2360"]
[BlackElo "2355"]

1.Nf3 d5 2.c4 c6 3.g3 Nf6 4.Bg2 Bg4 5.cxd5 cxd5 6.Ne5 Bc8 7.Qa4+ Nbd7 8.Nc3 e6
9.d4 Be7 10.O-O O-O 11.Rd1 a6 12.Bf4 b5 13.Qb3 Bb7 14.a4 b4 15.Na2 Qb6 16.Nc1 a5
17.Ncd3 h6 18.g4 Rfc8 19.g5 hxg5 20.Bxg5 Bf8 21.Nf4 Qd6 22.Bxf6 Nxf6 23.Qg3 Rc2
24.Rd3 Rac8 25.Qh4 Be7 26.Rh3 Kf8 27.Qh8+ Ng8 28.Nfg6+ fxg6 29.Nxg6+ Kf7
30.Ne5+ Kf8 31.Ng6+ Kf7 32.Ne5+  1/2-1/2

[Event "CZE-chT"]
[Site "?"]
[Date "1994.??.??"]
[Round "?"]
[White "Tatarko, Jan"]
[Black "Brychta, Ivan"]
[Result "0-1"]
[WhiteElo "2145"]
[BlackElo "2270"]

1.Nf3 d5 2.c4 d4 3.b4 g6 4.Bb2 Bg7 5.e3 e5 6.c5 Be6 7.exd4 exd4 8.Na3 a5
9.Qa4+ Nc6 10.Bb5 Ne7 11.bxa5 O-O 12.Nc4 Nxa5 13.Nxa5 c6 14.Nxb7 Qc7 15.Qc2 cxb5
16.Nd6 Nf5 17.Nxb5 Qc6 18.Qd3 Bd7 19.a4 Rfe8+ 20.Kd1 Qxc5 21.Re1 Qb4 22.Rxe8+ Bxe8
23.Qa3 Qc4 24.d3 Qc8 25.Qb4 Qb7 26.Ne1 Bc6 27.g3 Bf3+ 28.Kc2 Re8 29.a5 Re2+
30.Kb3 Bd5+ 31.Ka4 Bf8  0-1